000 01789nam2a2200409 4500
001 rc\2971100
005 20110907153013.6
035 _a(NLR Aleph) 007117208
090 _a13607567
_c13607567
100 _a20110907d1940 |||y0rusy50 ca
101 0 _arus
102 _aRU
105 _aa z |||||
200 0 _aСб. 13
_fКиев. трикотажная фабрика им. Розы Люксембург
210 _aКиев
_cТехн. кабинет Трикотаж. ф-ки им. Р. Люксембург
_d1940
215 _a116 с.
_cил., табл., черт.
327 0 _aАвт. статей: Маланяк П.П.- Олина Ц.Л.- Зайднер М.С.- Бень Г.А.- Шахурина В.К.- Веледницкий М.Н.- Шамбан А.О.
461 0 _1001rc\2971088
_12000#$aОбмен опытом$eРабота фабричных лабораторий и семинаров. [№ 1] -$fОтв. ред. И.С. Клейнер$gТрикотажная фабрика ім. Люксембург$vСб. 13
464 0 _1700#1$aМаланяк$bП.П.$4070
464 0 _1700#1$aОлина$bЦ.Л.$4070
464 0 _1700#1$aЗайднер$bМ.С.$4070
464 0 _1700#1$aБень$bГ.А.$4070
464 0 _1700#1$aШахурина$bВ.К.$4070
464 0 _1700#1$aВеледницкий$bМ.Н.$4070
464 0 _1700#1$aШамбан$bА.О.$4070
700 1 _aМаланяк
_bП. П.
701 1 _aОлина
_bЦ. Л.
701 1 _aЗайднер
_bМ. С.
701 1 _aБень
_bГ. А.
701 1 _aШахурина
_bВ. К.
701 1 _aВеледницкий
_bМ. Н.
701 1 _aШамбан
_bА. О.
801 0 _aRU
_bNLR
_gpsbo
801 1 _aRU
_bELAR
_2rusmarc
852 _aNLR
_jТ56 В-7/2(13)
942 _cBOOK
980 _aNB